[Event "32nd European Club Cup"]
[Site "Novi Sad"]
[Date "2016.11.10"]
[Round "5.55"]
[White "Zeidler, Sven P"]
[Black "Jones, Iolo C"]
[Result "1/2-1/2"]
[WhiteElo "2185"]
[BlackElo "2172"]
[Annotator "Rudy"]
[PlyCount "60"]
[EventDate "2016.11.06"]
[WhiteTeam "ABE"]
[BlackTeam "CAR"]

1. e4 e5 2. Nf3 Nf6 3. Nxe5 d6 4. Nf3 Nxe4 5. d3 (5. d4 {Zeidler-Jones,
Swansea jubilee 2002, draw agreed}) 5... Nf6 6. d4 d5 (6... Nc6 7. Bd3 Qe7+ 8.
Be2 Bf5 9. O-O Qd8 {Zeidler-Jones, West Wales Open 2014,1-0}) 7. Bd3 (7. Bg5
Be7 8. Bd3 h6 9. Bf4 O-O 10. O-O c5 {Zeidler-Jones, 31st EU Cup, Skopje 2015,1/
2-1/2}) 7... Bd6 8. O-O O-O 9. h3 (9. Bg5 {main}) 9... Nc6 (9... h6 {main}) 10.
Nc3 (10. c3 {main}) 10... Nb4 (10... h6 {main}) 11. Bg5 h6 {Fritz15} (11...
Nxd3 $11 {main, one win each & a draw}) (11... c6 12. Re1 Bc7 13. a3 Nxd3 14.
Qxd3 Qd6 {Matos-Haase,EU ch U10 Mureck 2012,0-1}) 12. Bh4 Be6 {Komodo10} 13.
Ne5 Nc6 (13... Nxd3 14. Qxd3 c6 $11 {Komodo10}) 14. Nxc6 bxc6 15. Na4 $14 Be7
16. Re1 (16. Nc5 $16) 16... Nd7 17. Bxe7 Qxe7 18. Re3 Rab8 19. c4 (19. c3 c5
20. Bc2 c4 21. b3 Qd6 22. Qe2 $14 {Komodo10}) 19... Qf6 $11 20. Rc1 dxc4 21.
Bxc4 Bxc4 22. Rxc4 Nb6 23. Nxb6 cxb6 24. Qf3 Qxf3 25. Rxf3 Rfc8 26. Rfc3 Rd8
27. Kf1 Rd6 28. Ke2 Re8+ 29. Re3 Kf8 30. Rxe8+ Kxe8 $11 1/2-1/2

[Event "32nd European Club Cup"]
[Site "Novi Sad"]
[Date "2016.11.10"]
[Round "5.56"]
[White "Heap, Gerry"]
[Black "Morris, Charles F"]
[Result "1/2-1/2"]
[WhiteElo "2060"]
[BlackElo "2132"]
[Annotator "Rudy"]
[PlyCount "61"]
[EventDate "2016.11.06"]
[WhiteTeam "CAR"]
[BlackTeam "ABE"]

1. Nf3 {only the second game between these players} d5 2. g3 Nf6 3. Bg2 e6 4.
O-O c5 5. c4 Be7 6. cxd5 exd5 7. d4 {back to Bl's favourite Tarrasch} Nc6 8.
Nc3 O-O 9. Bg5 cxd4 10. Nxd4 h6 11. Bf4 (11. Be3 {main}) 11... Be6 12. Nxe6 (
12. Rc1) 12... fxe6 13. Qb3 {Stockfish7} (13. e4 {main}) 13... Qb6 {Komodo10} (
13... Na5 14. Qa4 {3-2} (14. Qc2 {Osborne-Bass, London Classic op 2009,1-0}))
14. Qxb6 axb6 15. Bd2 (15. Nb5 Kf7 $11 {Komodo10}) 15... Bc5 16. e3 Ne5 17. Nb5
Ne4 18. Bxe4 dxe4 19. Bc3 Nf3+ 20. Kg2 Rad8 $11 {Komodo10- despite Bl having 2
sets of doubled pawns ( Fritz13 gives Wh a definite advantage)} 21. Rfd1 g5 22.
h3 e5 23. a3 $14 Rd3 (23... Kg7) 24. Bb4 (24. b4 Be7 25. Rxd3 exd3 26. e4 $16 {
Fritz13 & Komodo10}) 24... Bxb4 25. axb4 Rb3 26. Nc3 Rxb2 27. Rab1 Ne1+ 28.
Rxe1 (28. Kf1 $1 $16 {Komodo10} Rxb1 (28... Rfxf2+ 29. Kxe1 $18 Rbc2 30. Rbc1
Rb2 31. Rd8+ Kf7 32. Nxe4 Rfe2+ 33. Kd1 Rh2 34. Rc7+ Ke6 35. Rd2 $18) (28...
Rbxf2+ 29. Kxe1 Rf1+ 30. Kd2 R1f2+ 31. Ne2 Rh2 32. Rb2 $16) 29. Rxb1 Nc2 30.
Ke2 $16 {Komodo10}) 28... Rfxf2+ 29. Kg1 Rg2+ 30. Kh1 Rh2+ 31. Kg1 $11 1/2-1/2

[Event "32nd European Club Cup"]
[Site "Novi Sad"]
[Date "2016.11.10"]
[Round "5"]
[White "Powell, Lloyd"]
[Black "Van Kemenade, R."]
[Result "1/2-1/2"]
[WhiteElo "2072"]
[BlackElo "1969"]
[Annotator "Rudy"]
[PlyCount "82"]
[EventDate "2016.11.06"]

1. d4 Nf6 2. Nf3 {No Budapest thank you} g6 3. c4 Bg7 4. Nc3 O-O 5. e4 d6 6.
Be2 e5 7. O-O Nc6 8. d5 Ne7 9. Nd2 (9. b4) 9... Ne8 (9... a5 {Lloyd, to hold
up Q side play, but Bl wanted the Wh pieces to stray away from their K}) 10. b4
f5 11. c5 Kh8 (11... Nf6) (11... f4 {more frequent}) 12. f3 (12. a4 c6 13. Nc4
cxd5 (13... fxe4 {main}) 14. exd5 Bd7 15. Bb2 e4 16. Qd2 Ng8 17. Nb5 Bxb5 18.
Bxg7+ Kxg7 19. axb5 {Powell-Garner, 4 NCL 2004,1-0}) 12... f4 (12... Bh6 {
considered; is the B on a3 better than the B on f8?} 13. Nc4 Bxc1 14. Rxc1 f4
15. a4 g5 $14 {Paasikangas-Goschi, Wld ch U20 girls,Matinhos 1994 ,1-0}) (12...
Ng8) (12... a5 {Cloud Engines}) 13. Nc4 g5 14. a4 Rf7 (14... Rf6) (14... Rg8) (
14... Ng8) (14... h5 {have been played}) 15. Ba3 (15. Bd2 Ng6 16. Be1 $16 {
Komodo10}) 15... Bf8 16. a5 (16. b5 $5 {pm analysis}) 16... Ng6 17. Ra2 {
defending g2 inadvance} (17. a6 $5) 17... h5 18. h3 Rg7 $14 19. b5 {Wh must do
something on the Q side before Bl plays g4} dxc5 $11 20. b6 cxb6 (20... axb6
21. axb6 Nd6 22. bxc7 (22. Bxc5 Rxa2 23. bxc7 (23. Nxa2 Nxc4 $19 24. Bxf8 Qxf8
25. Bxc4 Qc5+) 23... Rxc7 24. Bxd6 Rxe2 25. Bxc7 Rxg2+ 26. Kxg2 Qxc7 $15 {Bl
controls the bl squares; Komodo10}) 22... Qxc7 23. Nxd6 Qxd6 24. Kh2 $11 {
Komodo10}) 21. axb6 a6 (21... axb6 {simpler, though Wh gets lots of play} 22.
Bb2 {Komodo10} (22. Nb5 {pm analysis} Ra6 (22... Bd7 23. Qb1 Nf6 24. Nc3 Ra6
25. Rb2 b5 26. Nxb5 g4 $17 {Komodo10; the QR can switch to the K side as well})
23. Qa1 {Komodo10} Qf6 24. Bb2 Rxa2 25. Qxa2 g4 $11) (22. Na4 b5 23. Ncb6 Ra5
$19)) 22. Na4 Nd6 {there are bl square tactics to watch for} 23. Nxd6 Bxd6 24.
Rb2 (24. Rc2 g4 $11) (24. Bxc5 Bxc5+ 25. Nxc5 Qxb6 26. Rc2 Bxh3 27. Qb1 Qa7 28.
Rfc1 Bc8 29. Kf1 g4 30. d6 g3 $17 {Komodo10}) 24... Qe7 $11 {Komodo10} (24...
c4 $11 {considered, Komodo10} 25. Bxd6 Qxd6 26. Rc2 g4 27. fxg4 hxg4 28. Bxg4
Nh4 29. Bxc8 Rxc8 30. Qh5+ Rh7 31. Qg4 Rg8 32. Qe6 $11) 25. Rc2 g4 {Komodo10}
26. fxg4 (26. hxg4 hxg4 27. fxg4 Rh7 28. Bxc5 Qh4 29. Bxd6 Qh2+ 30. Kf2 Qh4+
31. Kg1 $11 {Komodo10}) 26... hxg4 27. Bxg4 Bxg4 (27... Nh4 28. Bxc8 Rxc8 29.
Kh1 Rg3 30. Bxc5 f3 (30... Bxc5 31. Qh5+ Kg8 32. Nxc5 Rxc5 33. Rxc5 Qxc5 34.
Qxh4 $16 {Komodo10}) (30... Nxg2 31. Rf3 Qh4 32. Rxg2 Bxc5 33. Nxc5 Rxg2 34.
Kxg2 Rxc5 35. d6 Rc4 36. Rd3 Rd4 37. Qf3 Qg5+ 38. Kf1 Rxd3 39. Qxd3 f3 40. Qxf3
Qc1+ 41. Ke2 Qb2+ $11 {Komodo10, not an easy line for humans to see}) 31. Bxd6
Rxc2 32. Bxe7 fxg2+ 33. Kg1 gxf1=Q+ 34. Kxf1 Rf3+ 35. Qxf3 (35. Kg1 Rg2+ 36.
Kh1 Rxh3#) (35. Ke1 Ng2#) 35... Nxf3 36. d6 Nd4 37. d7 Nc6 38. Nc5 Rd2 39. Bg5
Rd6 40. Ke2 a5 $11 {Komodo10; looks very murky}) 28. Qxg4 Nh4 29. Qe6 (29. Qh5+
Rh7 30. Qd1 Rg8 $17 {easy to see}) 29... Qg5 $1 $19 (29... Rag8 {considered,
but Wh survives} 30. Qxe7 Bxe7 31. Rff2 Rg3 32. Bxc5 Bxc5 33. Nxc5 f3 34. d6
fxg2 {looked fatal in pm anaysis} 35. Rf6 Kh7 36. Rf7+ Kh6 37. Rf6+ Kh5 38.
Rf5+ $1 Nxf5 39. exf5 Kh4 40. Ne4 Rd3 41. Rxg2 Rd1+ {and Komodo10 finally
concedes that Bl is better; but then has another think & decides its = after
all} 42. Kh2 Rxg2+ 43. Kxg2 Kh5 44. Kf3 Kh6 45. f6 Kg6 46. h4 Kf7 47. h5 Ke6
48. h6 Rh1 49. h7 Rh3+ 50. Kg4 Rxh7 51. Ng5+ Kxf6 52. Nxh7+ Ke6 53. d7 Kxd7 54.
Kf5 Kd6 55. Nf6 a5 {and apparently its still a draw!}) 30. g4 (30. Qxd6 Nxg2
31. Kh1 Ne3 $19 {seen by both}) (30. Kh1 Rg6 31. Qg4 Qh6 32. Qd7 Rag8 33. Rff2
f3 34. g4 Qf4 35. Bc1 Qxe4 $19 {Komodo10}) 30... Rd8 $1 {overlooked by Bl} (
30... fxg3 31. Bc1 $1 {seen by Bl} (31. Qxd6 Qe3+ 32. Kh1 g2+ 33. Rxg2 Qxh3+
34. Rh2 Qxf1#) 31... Qh5 32. Qxd6 g2 33. Qh6+ (33. Rff2 Qd1+) (33. Re1 Nf3+ 34.
Kf2 Nxe1) 33... Qxh6 34. Bxh6 gxf1=Q+ 35. Kxf1 Rg3 36. Nxc5 Kh7 37. Bc1 Rf8+
38. Rf2 Rc8 39. Rf7+ Kg6 40. Rc7 Rf8+ 41. Ke2 Rg2+ 42. Kd3 Rf3+ 43. Be3 Ra2 44.
Nxb7 Ra3+ 45. Kc4 Rfxe3 46. Nc5 Rec3+ 47. Kb4 Nf3 48. Nd7 $1 $11 {Komodo10,
too complex to calculate}) 31. Bxc5 (31. Nxc5 Re7 32. Nxb7 Rxe6 33. Bxd6 Rexd6
34. Nxd6 Rxd6 $19 {Komodo10}) 31... Re7 (31... Bxc5+ $1 32. Nxc5 Re7 33. Kh2 (
33. Nxb7 {Komodo10} Rxe6 34. dxe6 Rb8 35. Nd6 Qe7 36. Nf5 Nxf5 37. exf5 Rxb6
$19) (33. d6 {calculated by Bl} Rxe6 34. Nxe6 Qf6 35. Nxd8 Qxd8 36. Rd1 Nf3+ $1
{overlooked} 37. Kg2 Nd4 38. Rc7 Qxd6 39. Rxb7 Qa3 $1 $19) 33... Rxe6 34. Nxe6
{Bl got as far & didnt see exactly how to activate the Q} Qg6 $1 {Komodo10} (
34... Qe7 35. Nxd8 Qxd8 36. Rb1 Nf3+ 37. Kg2 Nd4 38. Rc3 f3+ {though should be
winning for Bl}) 35. Nxd8 Qxe4 36. Rcf2 Qxd5 {traps the N} 37. Nxb7 Qxb7 38.
Rb1 (38. Rb2 Kg7 39. Rc1 Qf3 $19) 38... Kg7 39. Rc2 Qe4 {& Komodo10 claims a
mate in 10}) 32. Qxd6 Rxd6 33. Bxd6 Rd7 (33... Rg7 34. Nc5 f3 35. Ne6 Qe3+ 36.
Rcf2 Qxe4 37. Nxg7 Kxg7 38. Be7 Ng6 39. Rxf3 Nxe7 40. Rf7+ Kg6 41. Rxe7 Qxd5
42. Re8 $11 {Komodo10}) (33... Rh7 34. Rc8+ Kg7 35. Nc5 $18) (33... Re8 34. Bb4
Qg6 35. Rc4 $11 {Komodo10}) 34. Bc7 (34. Rc8+ Rd8 35. Rxd8+ Qxd8 36. Bxe5+ Kg8
37. Bd4 $11 {Komodo10}) 34... f3 35. Nc5 Qf4 (35... Rf7 36. Ne6 Qe3+ 37. Rff2
Qxe4 38. Ng5 Qe1+ 39. Kh2 Rd7 (39... Rf8 40. Ne6 Rg8 41. d6 e4 42. d7 e3 43.
Be5+ Kh7 44. d8=Q Rxd8 45. Rc7+ Kh6 46. Bg7+ Kg6 47. Nf4+ Kg5 (47... Kh7 48.
Bc3+ $18) 48. Ne6+ $11 {Komodo10}) 40. Kg3 Qe3 41. Kxh4 Rh7+ 42. Nxh7 Qh6+ 43.
Kg3 Qf4+ 44. Kh4 Qh6+ {another fantastic variation from Komodo10}) 36. Nxd7
Qg3+ 37. Kh1 Qxh3+ 38. Kg1 Qxg4+ $2 (38... Qg3+ $11) 39. Kh1 (39. Kh2 Qxd7 (
39... Qf4+ 40. Kh1 $18) 40. Bxe5+ $18) 39... Qh3+ 40. Kg1 Qg3+ 41. Kh1 Qh3+
1/2-1/2

[Event "32nd European Club Cup"]
[Site "Novi Sad"]
[Date "2016.11.10"]
[Round "5.58"]
[White "Haigh, Tony"]
[Black "Spencer, Douglas"]
[Result "1/2-1/2"]
[WhiteElo "1810"]
[BlackElo "1961"]
[Annotator "Rudy"]
[PlyCount "86"]
[EventDate "2016.11.06"]
[WhiteTeam "CAR"]
[BlackTeam "ABE"]

1. d4 d5 2. c4 (2. Bg5 {expected by Bl}) 2... e6 3. Nc3 c6 4. cxd5 exd5 5. Nf3
Nf6 6. Bg5 Be7 7. e3 Nbd7 8. Qc2 O-O 9. Bd3 Re8 10. O-O Ne4 $5 (10... Nf8) (
10... h6) 11. Bxe7 (11. Bxe4 $1 {main} Bxg5 (11... dxe4 12. Nxe4 $16) 12. Bxh7+
Kh8 13. Bd3 $16) 11... Qxe7 $11 12. a3 (12. Rab1) 12... f5 (12... Nf8) (12...
Ndf6 {main lines}) (12... Nb6 {Komodo10. not yet played}) 13. b4 a6 (13... Qf7
14. Ne2 h6 15. b5 Re6 16. Nf4 $16 {Bakalarz-Renner,2.DBLSW 1992,0-1}) (13... g5
14. b5 g4 15. Nd2 Qg5 16. bxc6 bxc6 17. Ncxe4 fxe4 18. Qxc6 $16 {Decsey-Kirjak,
HUN ch tm 1995,1/2-1/2}) 14. Rfe1 (14. Rab1 Nb6 15. Ne5 Nd7 16. f4 Nxe5 17.
fxe5 Bd7 18. Bxe4 fxe4 19. Na4 $14 {Oracz-Wodzislawski, Malbork 1997,1-0})
14... Kh8 (14... b5 $11 {Komodo10 & pm analysis}) 15. g3 (15. Na4) 15... Qf7
16. Bf1 Qh5 17. Bg2 g5 18. Rac1 Nf8 19. Qe2 (19. Ne5 Nd7 20. f4 $16 {Komodo10})
(19. h4 gxh4 20. Nxh4 $16 {Komodo10}) 19... Ng6 20. Ne5 (20. Na4 $14) (20. Qb2
$14) 20... Qxe2 21. Nxg6+ hxg6 22. Rxe2 $11 g4 23. Na4 (23. Bxe4 $1 fxe4 {
Fritz13 & Komodo10, leaves Wh with a good N vs bad B ( as in
Oracz-Wodzislawski above)}) 23... Nd6 $11 24. Nc5 Nc4 25. a4 b6 26. Nd3 Bb7 27.
Ra2 g5 28. a5 b5 29. h3 gxh3 30. Bxh3 Bc8 31. Bf1 Ra7 32. Be2 Rh7 33. Kg2 g4
34. Raa1 Kg7 35. Rh1 Reh8 36. Rxh7+ Rxh7 37. Rh1 Rxh1 38. Kxh1 $11 Kf6 39. Kg1
Nd2 40. Ne5 Bb7 41. f3 gxf3 42. Nxf3 Nxf3+ 43. Bxf3 Kg5 $11 1/2-1/2

[Event "32nd European Club Cup"]
[Site "Novi Sad"]
[Date "2016.11.10"]
[Round "5"]
[White "Waterfield, J."]
[Black "Van Kemenade, J."]
[Result "1-0"]
[WhiteElo "1986"]
[BlackElo "1703"]
[Annotator "Rudy"]
[PlyCount "51"]
[EventDate "2016.11.06"]

1. e4 d6 2. d4 Nf6 3. Nc3 c6 4. f4 Qa5 5. Bd3 e5 6. Nf3 exd4 7. Nxd4 g6 8. Qe2
Nbd7 (8... Bg7 {main} 9. e5 $6 dxe5 10. fxe5 (10. Nb3 Qc7 11. fxe5 Ng4 12. Bf4
O-O 13. O-O Bxe5 $15 {Garcia Albarracin-Garcia del Castillo. Malaga ch 1997,0-1
}) 10... Ng4) 9. Be3 (9. Bd2 Qc7 10. O-O-O Bg7 11. g4 O-O (11... Nc5 12. g5
Nfd7 {Komodo10}) 12. g5 Nh5 13. Nf5 Re8 14. Ng3 Bxc3 15. Bxc3 Nxf4 16. Qf1 d5
$11 {Karpatchev-Gadarinian,Calvi Balagne op 2009,1-0}) 9... Bg7 10. O-O-O (10.
Nb3 Qc7 $11 {Komodo10}) 10... O-O 11. g4 b5 $2 (11... Re8 $11) (11... Nc5 12.
h3 Re8 13. Qf3 Qc7 $11 {Komodo10}) 12. Nxc6 $18 Qc7 13. Ne7+ Kh8 14. g5 Nh5 15.
Nxb5 (15. Ncd5) 15... Qa5 (15... Qb8 {Rudy} 16. f5 $18) 16. Bc4 (16. a3) 16...
a6 (16... Nb6 17. Nxd6 Nxc4 18. Qxc4 Be6 19. Nd5 $18 {Komodo10}) 17. Nxd6 Nc5 (
17... Rb8 $5 18. Nc6 Bxb2+ 19. Kb1 Bg7+ 20. Nxb8 Qc3 21. e5 Nxe5 22. fxe5 Bxe5
23. Nxf7+ Rxf7 24. Bd4 Qb4+ 25. Bb3 Bxd4 26. Rxd4 $18 {Komodo10}) 18. Qd2 (18.
e5 {Komodo10 kills all chances}) (18. Nxf7+ Rxf7 19. Bxf7 Bxb2+ 20. Kxb2 Qb4+
21. Ka1 (21. Bb3 Na4+ 22. Kb1 $18 Nc3+ 23. Ka1 Nxd1 (23... Nxe2 24. Rd8+ Kg7
25. Rg8#) 24. Rxd1 Qxe7 25. Bd4+ Ng7 26. Bf6 $18 {Komodo10}) 21... Qc3+ 22. Kb1
Bg4 (22... Qb4+) 23. Qe1 Rb8+ 24. Bb3 $18) 18... Qc7 19. Nexc8 (19. Nxf7+ Rxf7
20. Bxf7 Bb7 (20... Qxe7 21. Qd8+ Bf8 22. Bd4+ Ng7 23. Qxe7 Bxe7 24. Bxc5 $18)
21. Qd6 $18 {Komodo10}) 19... Raxc8 20. Nxc8 Rxc8 21. Qd6 Bxb2+ $5 {when lost,
randomise} 22. Kxb2 (22. Kb1 {also good enough}) 22... Na4+ 23. Ka1 Qa5 (23...
Qxc4 {pm analysis} 24. Bd4+ Kg8 (24... Ng7 25. Qe5 Rg8 26. Rb1 Qc8 27. Rb4 Qe8
28. Qa5 $18) 25. Qe5 f6 26. gxf6 Nc3 27. Bxc3 Qxc3+ 28. Qxc3 Rxc3 29. e5 $18)
24. Bd4+ Kg8 25. Qe5 (25. Bxf7+ {Komodo10} Kxf7 26. Qd7+ Kg8 27. Qxc8+ Kf7 28.
Bg7 Qb4 29. Rd7+ Ke6 (29... Qe7 30. Qf8+ Ke6 31. Qxe7#) 30. Qe8+ Qe7 31. Qxe7#)
25... Qxe5 26. Bxe5 1-0

[Event "32nd European Club Cup"]
[Site "Novi Sad"]
[Date "2016.11.10"]
[Round "5.60"]
[White "Denham, Colin"]
[Black "Dixon, Chris"]
[Result "1/2-1/2"]
[WhiteElo "1653"]
[BlackElo "1785"]
[Annotator "Rudy"]
[PlyCount "74"]
[EventDate "2016.11.06"]
[WhiteTeam "CAR"]
[BlackTeam "ABE"]

1. e4 d6 2. d4 Nf6 3. Nc3 g6 4. Nf3 Bg7 5. Be2 O-O 6. O-O e6 {an idea promoted
by Tiger Hillarp Persson 2014} (6... c6) (6... Bg4) (6... Nc6) (6... Nbd7 {main
}) 7. Bd2 {the B feels misplaced here as it leaves d4 a little loose} (7. h3 {
main}) (7. Bg5 h6 {helps Bl according to Tiger}) (7. Be3 {more active than Bd2}
) (7. Bf4 {also good}) (7. e5 dxe5 8. Nxe5 $1 {when Tiger 2014:317 recommends}
Nd5 $1 $146) 7... h6 (7... d5 8. e5 Ne4 9. Bf4 Nc6 10. Bd3 f5 11. Ne2 Qe7 12.
Qc1 $14 {Kubis-Hjorth, Wld Ch ICCF 2011,1-0}) 8. Re1 Nc6 9. a3 (9. Qc1 Kh7 10.
a3 e5 11. dxe5 Nxe5 12. Nxe5 dxe5 13. Bc4 $11 {Komodo10}) 9... e5 10. dxe5 dxe5
(10... Nxe5 11. Nxe5 dxe5 12. Qc1 Kh7 $11) 11. Rb1 (11. h3 $14) (11. Be3 Qe7
12. Qc1 Kh7 $11) 11... Qe7 12. Nd5 Qd6 13. Nxf6+ Qxf6 $11 14. b4 Bg4 15. h3 (
15. c3 {keeps the N fromd4}) 15... Bxf3 16. Bxf3 Nd4 17. Be3 Rfd8 18. Bxd4 Rxd4
19. Qe2 $11 Qc6 20. Red1 Rad8 21. Rxd4 Rxd4 22. Rd1 Qc3 (22... Rc4 $15 23. Qe3
(23. Rd2 Bf6 $17 (23... Rc3 $15)) 23... Rxc2 24. Rd8+ Kh7 25. Qb3 Qc4 26. Qxc4
Rxc4 27. Ra8 b6 28. Rxa7 Bf8 $15 {Komodo10}) 23. Rd3 Rxd3 (23... Qa1+ 24. Kh2
c5 25. Rxd4 cxd4 26. Qd3 Qe1 27. Qe2 Qc1 28. Qd3 h5 $15 {Komodo10}) 24. Qxd3
Qxd3 25. cxd3 $11 {opposite colour Bs} Kf8 26. Kf1 Ke7 27. Bd1 Kd7 28. b5 {
risky} (28. Bb3) 28... Bf8 (28... Kd6 29. a4 Kc5 30. Bb3 f6 31. Bf7 Kb4 32.
Bxg6 Kxa4 33. Be8 Kb4 $15) 29. a4 Bc5 30. Bb3 f6 31. f3 g5 32. g4 Kd6 33. Ke2
Bd4 34. Bd5 b6 35. Bb3 c6 (35... Kc5 $17 {active K is usually worth a pawn} 36.
Bd1 Kb4 37. Kd2 Bf2 38. Bc2 Bg3 39. Bd1 Bf4+ 40. Ke2 Kc3 41. Kf1 Kxd3 $17 {
although Wh has shed a pawn, Bl cannot achieve more than 1 passed pawn on the
Q side, which will be unable to cross Wh's wh square barricade}) 36. Bc4 cxb5
37. Bxb5 (37. axb5 {a little stronger, not that it matters}) 37... Kc5 1/2-1/2

[Event "EU Club Cup; Novi Sad"]
[Site "?"]
[Date "2016.11.11"]
[Round "6"]
[White "Jones, Iolo C"]
[Black "Mihasi, Lime"]
[Result "1-0"]
[WhiteElo "2172"]
[BlackElo "2039"]
[Annotator "Rudy"]
[PlyCount "141"]
[EventDate "2016.11.17"]

1. d4 Nf6 2. Nf3 c5 3. d5 g6 4. c4 b5 5. cxb5 a6 6. b6 {played more these days
than acceptance} (6. bxa6) 6... Qxb6 7. Nc3 d6 8. Nd2 (8. e4 {also}) 8... Bg7
9. e4 Nbd7 10. Nc4 Qb8 (10... Qc7 {main}) 11. Be2 (11. a4 Nb6 12. Ra3 Nxc4 13.
Bxc4 O-O 14. O-O {Meza-Nejanky, ARG ch U18 girls Santa Fe 2001,1-0}) 11... Nb6
12. Ne3 Nbd7 {retreating unneccesarily} (12... O-O 13. O-O a5 14. a4 Ba6 15.
Bxa6 Rxa6 16. Qe2 Ra7 17. Ra2 Rb7 {Kononenko-Kostiuk, Bykova mem, Vladimir;
2003.1/2-1/2}) 13. O-O O-O 14. Bd2 a5 (14... Qxb2 15. Rb1 Qa3 16. Nc4 {traps
the Q}) 15. a4 Ne8 16. Ra3 Ba6 17. Rb3 Qd8 18. Nb5 Ndf6 19. Qc2 $16 Bb7 20. Na3
Ba6 21. Nec4 Bxc4 22. Nxc4 e6 (22... Ra7) 23. dxe6 fxe6 24. Bf3 (24. e5 dxe5
25. Be3 $16 {Komodo10}) 24... Ra6 (24... Nd7 25. Bg4 Qe7 26. Rb7 Rb8 27. Rxb8
Nxb8 28. Nxa5 $16 {Komodo10}) 25. e5 Nd5 26. exd6 (26. Be2) 26... Nxd6 27. Nxd6
Qxd6 28. Be2 $14 (28. Rd1 $16) 28... Ra7 29. Rf3 (29. Rb5 Be5 30. g3 Bd4 $14 {
Komodo10}) 29... Bd4 (29... Rxf3 30. Bxf3 Nb4 $11 {Komodo10}) 30. Rxf8+ Qxf8
31. Qe4 (31. Bg4 Qd6 32. Re1 Nb4 33. Bxb4 cxb4 34. Bxe6+ Kg7 35. Bc4 $14 {
Komodo10}) 31... Qf7 (31... Qf5 {Komodo10} 32. Qxf5 (32. Qh4 Bxb2 $11) 32...
gxf5 33. b3 Nc3 $11 (33... Kf7 $11)) 32. Bg4 (32. b3 $16) 32... e5 (32... Re7
$14 33. Bxa5 Nf6 34. Qe2 Nxg4 35. Qxg4 Ra7 $11 {Komodo10}) (32... Nf6 33. Qxe6
Nxg4 34. Qxg4 Bxb2 35. Be3 Rc7 36. Rb1 h5 37. Qg5 Bg7 38. Bxc5 Qf5 39. Qxf5
gxf5 40. Bb6 Rc4 41. Bxa5 Rxa4 42. Bd8 $14 {Komodo10}) 33. Bf3 Ne7 (33... Nf6
34. Qc2 Qa2 35. Be2 Qxb2 36. Qxb2 Bxb2 37. Rb1 Bd4 38. Bh6 Kf7 39. Bc4+ Ke7 40.
Bg5 h6 41. Bxh6 Ng4 42. Bg5+ Kd7 43. Rb6 Nxf2 44. Kf1 Ne4 45. Rxg6 Ra8 $11 {
Komodo10}) (33... Nb4 34. Be3 h5 35. Rd1 Qf5 36. Qxf5 gxf5 37. Bxh5 Kg7 38. g3
Nd5 $11 {Komodo10}) 34. Qc2 Kg7 35. b3 Nf5 $14 (35... Nd5 $14) 36. Qc4 Qf6 (
36... Qe7 $11) 37. Bd5 Nd6 38. Qd3 Nf5 (38... Qf5 $11) 39. Kh1 (39. Qf3 $16)
39... Ne7 40. Be4 Qe6 41. Qc4 (41. Qb5 Nf5 42. f3 Qc8 43. Qe2 Qe6 44. Rb1 Nd6
45. Bc2 c4 46. bxc4 Nxc4 47. Bc1 Rc7 $14 {Komodo10}) 41... Qg4 (41... Qxc4 42.
bxc4 Nc8 43. Rb1 Bxf2 44. g4 Bd4 45. Bd5 Nd6 46. Rb8 $14 {Komodo10}) 42. f3 Qh5
$2 (42... Qc8 43. Qd3 Qe6 44. Qb5 $16) 43. Qb5 $18 Ng8 44. Qb8 (44. Bxa5) 44...
Rd7 45. Bxa5 Nf6 46. Qb5 Rf7 47. Bd3 Qg5 48. Bc4 Rf8 49. Qb7+ Kh6 50. Qe7 (50.
Be1) 50... Re8 51. Qf7 Ra8 (51... e4 52. Bc7 e3 53. g4 e2 54. Bxe2 Rxe2 (54...
Qd5 55. Bf4+ g5 56. Qxd5 Nxd5 57. Bb5 Rf8 58. Bc1 $18) 55. Qf8# {Komodo10}) 52.
Be1 Nh5 53. g4 Nf6 54. h4 Qf4 55. Qxf6 {forces win of a piece & Queens off} (
55. g5+ $1 Kh5 56. Qg7 Qxg5 57. hxg5 Kxg5 58. Bh4+ Kxh4 59. Qxf6+ Kh5 60. Kg2
Bf2 61. Rh1+ Bh4 62. Rxh4# {Komodo10}) 55... Qxf6 56. g5+ Qxg5 57. hxg5+ Kxg5
58. Bd2+ (58. Kg2) 58... Kf6 (58... Kh4 59. Kg2 {Iolo, mating}) 59. a5 Ra7 60.
a6 Ke7 61. Kg2 Kd6 62. Bd3 g5 63. Rh1 c4 64. Rh6+ Kc5 65. Bxc4 Rg7 66. Bd3 g4
67. Rxh7 gxf3+ 68. Kxf3 Rxh7 69. Bxh7 Kb6 70. Bd3 Ka7 71. Be3 1-0